Film par image #1 - Statistiques

Statistiques générales
  • Ce quiz a été pris 74 fois
  • Le résultat moyen est 6 sur 12
Statistiques - réponses
Par images Réponse % Correct
intouchables
93%
le silence des agneaux
75%
le bon la brute et le truand
65%
seven
65%
the batman
59%
babylon
41%
requiem for a dream
38%
le chateau ambulant
34%
une bataille après l'autre
29%
arrival
22%
memories of murder
22%
there will be blood
22%
Aucun quiz correspondant
Distribution des résultats
% des personnes avec chaque résultat
Percentile par nombre de réponses
Votre historique - résultats
Vous n’avez pas pris ce quiz